000 00289nam a22001217a 4500
999 _c159637
_d159637
082 _a
_b
100 _aChaturvedi Badrinath
245 _aThe women of the mahabhatata/
_cby Chaturvedi Badrinath.
260 _aNew Delhi:
_bOrient,
_c2008.
300 _a276p.
650 _a
942 _cBK